<?xml version="1.0" encoding="UTF-8"?>
<collection xmlns="http://www.loc.gov/MARC21/slim">
 <record>
  <leader>01919nam a22002657a 4500</leader>
  <controlfield tag="001">NCT_48888</controlfield>
  <controlfield tag="008">180908b        xxu||||| |||| 00| 0 vie d</controlfield>
  <datafield tag="999" ind1=" " ind2=" ">
   <subfield code="c">2339</subfield>
   <subfield code="d">2339</subfield>
  </datafield>
  <datafield tag="020" ind1=" " ind2=" ">
   <subfield code="a">9786049389900</subfield>
   <subfield code="c">132000</subfield>
  </datafield>
  <datafield tag="082" ind1="0" ind2="4">
   <subfield code="2">23rd ed.</subfield>
   <subfield code="a">621.31</subfield>
   <subfield code="b">Kh308</subfield>
  </datafield>
  <datafield tag="245" ind1="0" ind2="0">
   <subfield code="a">Hỏi đáp về kỹ thuật điện hạ áp</subfield>
   <subfield code="c">Phạm Văn Khiết (biên soạn); Trương Ngọc Minh, Phạm Năng Văn (hiệu đính)</subfield>
  </datafield>
  <datafield tag="260" ind1=" " ind2=" ">
   <subfield code="a">H.</subfield>
   <subfield code="b">Bách khoa Hà Nội</subfield>
   <subfield code="c">2017</subfield>
  </datafield>
  <datafield tag="300" ind1=" " ind2=" ">
   <subfield code="a">375 tr.</subfield>
   <subfield code="b">Hình vẽ</subfield>
   <subfield code="c">24cm</subfield>
  </datafield>
  <datafield tag="520" ind1="3" ind2=" ">
   <subfield code="a">Nội dung sách hỏi đáp những kiến thức về kỹ thuật điện áp: đường dây truyền tải điện, khí cụ điện hạ áp, bảng tủ điện, tụ điện nâng cao COS, điện chiếu sáng, động cơ dị bộ, kỹ thuật an toàn điện</subfield>
  </datafield>
  <datafield tag="653" ind1=" " ind2=" ">
   <subfield code="a">Công nghệ kỹ thuật ô tô</subfield>
  </datafield>
  <datafield tag="700" ind1="1" ind2=" ">
   <subfield code="a">Phạm Văn Khiết</subfield>
   <subfield code="e">Biên soạn</subfield>
  </datafield>
  <datafield tag="700" ind1="1" ind2=" ">
   <subfield code="a">Trương Ngọc Minh</subfield>
   <subfield code="e">hiệu đính</subfield>
  </datafield>
  <datafield tag="700" ind1="1" ind2=" ">
   <subfield code="a">Phạm Năng Văn</subfield>
   <subfield code="e">hiệu đính</subfield>
  </datafield>
  <datafield tag="942" ind1=" " ind2=" ">
   <subfield code="2">ddc</subfield>
   <subfield code="c">BK</subfield>
  </datafield>
  <datafield tag="952" ind1=" " ind2=" ">
   <subfield code="0">0</subfield>
   <subfield code="1">0</subfield>
   <subfield code="2">ddc</subfield>
   <subfield code="4">0</subfield>
   <subfield code="6">621_310000000000000_KH308</subfield>
   <subfield code="7">0</subfield>
   <subfield code="9">13524</subfield>
   <subfield code="a">000001</subfield>
   <subfield code="b">000001</subfield>
   <subfield code="d">2018-09-08</subfield>
   <subfield code="o">621.31 Kh308</subfield>
   <subfield code="p">MD.13207</subfield>
   <subfield code="r">2018-09-08</subfield>
   <subfield code="v">132000.00</subfield>
   <subfield code="w">2018-09-08</subfield>
   <subfield code="y">BK</subfield>
  </datafield>
  <datafield tag="952" ind1=" " ind2=" ">
   <subfield code="0">0</subfield>
   <subfield code="1">0</subfield>
   <subfield code="2">ddc</subfield>
   <subfield code="4">0</subfield>
   <subfield code="6">621_310000000000000_KH308</subfield>
   <subfield code="7">0</subfield>
   <subfield code="9">13525</subfield>
   <subfield code="a">000001</subfield>
   <subfield code="b">000001</subfield>
   <subfield code="d">2018-09-08</subfield>
   <subfield code="o">621.31 Kh308</subfield>
   <subfield code="p">MD.13208</subfield>
   <subfield code="r">2018-09-08</subfield>
   <subfield code="v">132000.00</subfield>
   <subfield code="w">2018-09-08</subfield>
   <subfield code="y">BK</subfield>
  </datafield>
  <datafield tag="952" ind1=" " ind2=" ">
   <subfield code="0">0</subfield>
   <subfield code="1">0</subfield>
   <subfield code="2">ddc</subfield>
   <subfield code="4">0</subfield>
   <subfield code="6">621_310000000000000_KH308</subfield>
   <subfield code="7">0</subfield>
   <subfield code="9">13526</subfield>
   <subfield code="a">000001</subfield>
   <subfield code="b">000001</subfield>
   <subfield code="d">2018-09-08</subfield>
   <subfield code="o">621.31 Kh308</subfield>
   <subfield code="p">MD.13209</subfield>
   <subfield code="r">2018-09-08</subfield>
   <subfield code="v">132000.00</subfield>
   <subfield code="w">2018-09-08</subfield>
   <subfield code="y">BK</subfield>
  </datafield>
  <datafield tag="952" ind1=" " ind2=" ">
   <subfield code="0">0</subfield>
   <subfield code="1">0</subfield>
   <subfield code="2">ddc</subfield>
   <subfield code="4">0</subfield>
   <subfield code="6">621_310000000000000_KH308</subfield>
   <subfield code="7">0</subfield>
   <subfield code="9">13527</subfield>
   <subfield code="a">000001</subfield>
   <subfield code="b">000001</subfield>
   <subfield code="d">2018-09-08</subfield>
   <subfield code="o">621.31 Kh308</subfield>
   <subfield code="p">MD.13210</subfield>
   <subfield code="r">2018-09-08</subfield>
   <subfield code="v">132000.00</subfield>
   <subfield code="w">2018-09-08</subfield>
   <subfield code="y">BK</subfield>
  </datafield>
  <datafield tag="952" ind1=" " ind2=" ">
   <subfield code="0">0</subfield>
   <subfield code="1">0</subfield>
   <subfield code="2">ddc</subfield>
   <subfield code="4">0</subfield>
   <subfield code="6">621_310000000000000_KH308</subfield>
   <subfield code="7">0</subfield>
   <subfield code="9">13528</subfield>
   <subfield code="a">000001</subfield>
   <subfield code="b">000001</subfield>
   <subfield code="d">2018-09-08</subfield>
   <subfield code="o">621.31 Kh308</subfield>
   <subfield code="p">MD.13211</subfield>
   <subfield code="r">2018-09-08</subfield>
   <subfield code="v">132000.00</subfield>
   <subfield code="w">2018-09-08</subfield>
   <subfield code="y">BK</subfield>
  </datafield>
  <datafield tag="980" ind1=" " ind2=" ">
   <subfield code="a">Thư viện Trường Đại học Nam Cần Thơ</subfield>
  </datafield>
 </record>
</collection>
